Catálogo de la Biblioteca Horacio González - Universidad Nacional de General Sarmiento

Obras completas (Registro nro. 65519)

Detalles MARC
000 -CABECERA
campo de control de longitud fija 00971nam a22003134a 4500
001 - NÚMERO DE CONTROL
campo de control UByD002951
003 - IDENTIFICADOR DEL NÚMERO DE CONTROL
campo de control AR-LpoUNG
005 - FECHA Y HORA DE LA ÚLTIMA TRANSACCIÓN
campo de control 20240708122110.0
008 - DATOS DE LONGITUD FIJA--INFORMACIÓN GENERAL
campo de control de longitud fija 240708s2003||||sp ao 000|1dspa d
020 ## - NÚMERO INTERNACIONAL ESTÁNDAR DEL LIBRO
Número Internacional Estándar del Libro 8403094809
040 ## - FUENTE DE LA CATALOGACIÓN
Centro catalogador/agencia de origen AR-LpoUNG
Lengua de catalogación spa
Centro/agencia transcriptor AR-LpoUNG
Normas de descripción aacr
041 1# - CÓDIGO DE LENGUA
Código de lengua del texto/banda sonora o título independiente spa
044 ## - CÓDIGO DEL PAÍS DE LA ENTIDAD EDITORA/PRODUCTORA
Código MARC del país sp
082 0# - NÚMERO DE LA CLASIFICACIÓN DECIMAL DEWEY
Número de clasificación 891.73 654v1
100 1# - ENTRADA PRINCIPAL--NOMBRE DE PERSONA
Nombre de persona Tolstoi, León Nikolaievich
245 10 - MENCIÓN DE TÍTULO
Título Obras completas
260 ## - PUBLICACIÓN, DISTRIBUCIÓN, ETC.
Lugar de publicación, distribución, etc. Madrid :
Nombre del editor, distribuidor, etc. Aguilar,
Fecha de publicación, distribución, etc. c2003.
300 ## - DESCRIPCIÓN FÍSICA
Extensión 1104 p. :
Otras características físicas il., fot.
500 ## - NOTA GENERAL
Nota general Versión directa del ruso, prólogo biográfico y notas por Irene y Laura Andresco.
500 ## - NOTA GENERAL
Nota general Con un estudio grafológico del autor por Matilde Ras y veintidós ilustraciones.
650 #4 - PUNTO DE ACCESO ADICIONAL DE MATERIA--TÉRMINO DE MATERIA
Término de materia o nombre geográfico como elemento de entrada LITERATURA
650 #7 - PUNTO DE ACCESO ADICIONAL DE MATERIA--TÉRMINO DE MATERIA
Término de materia o nombre geográfico como elemento de entrada LITETATURA EUROPEA
Fuente del encabezamiento o término vvfyl
650 #7 - PUNTO DE ACCESO ADICIONAL DE MATERIA--TÉRMINO DE MATERIA
Término de materia o nombre geográfico como elemento de entrada LITERATURA RUSA
Fuente del encabezamiento o término vvfyl
653 #1 - TÉRMINO DE INDIZACIÓN--NO CONTROLADO
Término no controlado TOLSTOI, LEV
700 1# - PUNTO DE ACCESO ADICIONAL--NOMBRE DE PERSONA
Nombre de persona Andresco, Irene
Término indicativo de función/relación tr.
-- pról.
-- notas
700 1# - PUNTO DE ACCESO ADICIONAL--NOMBRE DE PERSONA
Nombre de persona Andresco, Laura
Término indicativo de función/relación tr.
-- pról.
-- notas
905 ## - ELEMENTOS DE DATOS E LOCAL, LDE (RLIN)
a 21260
942 ## - ELEMENTOS DE PUNTO DE ACCESO ADICIONAL (KOHA)
Tipo de ítem Koha Libro
Fuente del sistema de clasificación o colocación Dewey Decimal Classification
Existencias
Estado de retiro Estado de pérdida Fuente del sistema de clasificación o colocación Estado dañado No para préstamo Código de colección Localización permanente Ubicación/localización actual Fecha de adquisición Total de préstamos Renovaciones totales Signatura topográfica completa Código de barras En préstamo Fecha visto por última vez Fecha del último préstamo Precio válido a partir de Tipo de ítem Koha
    Dewey Decimal Classification     Colección General Biblioteca Universidad Nacional de General Sarmiento Biblioteca Universidad Nacional de General Sarmiento 08/07/2024 6 3 891.73 654v1 00065798 08/06/2026 01/06/2026 01/06/2026 08/07/2024 Libro